000 00406nam a2200169Ia 4500
001 10904
008 140331s9999 xx 000 0 und d
020 _a9971-991-17-9
040 _cPK-LaUMT
082 _a 220
_bADA-B
100 _aAdams, Jay E.
245 4 _aThe biblical view of self-esteem self-love self-image
_cAdams, Jay E.
260 _c1986
300 _a143 p.
546 _aEN
942 _cBK
999 _c11845
_d11845